00641nam a22001697a 450000500170000001000130001702000140003003500110004403700160005508200120007110000280008324501120011124600830022326000390030627001030034530000230044820200220172203.0 aUR-10702 c400.00a- aU-9257 bDBAD/PUBa- a808.882 aنا ر نگ سا قی  aشگفتگی و بر جستگي قلم کا ر و ں کی (ا د بی لطا ءف)cنا ر نگ سا قی  bShaguftagi Wa Barjastagi Qalam Karon Ki (Adabi Latifey) (Urdu)aby Narang Saqi aN.DelhibM.R.Publicationsc2019 ء a# 10 Metropole Market,2724-25 Ist Floor Kucha Chelan.Darya Ganj,bN.Delhi e110002k09810784549l- a360 ص c22 Cm(Hb)